000
00326nam a2200133Ia 4500
008
240624s9999 xx 000 0 und d
041
_a
eng
082
_a
658.4012 CLE
100
_a
CLEGG STEWART R
245
_a
STRATEGY THEORY AND PRACTICE
260
_c
2012
_a
New Delhi
_b
Sage India
300
_a
488 : p.
365
_c
RS
_b
38
999
_c
25296
_d
25296